[Event "XVII Memorial Edoardo Crespi A"]
[Site "Milano ITA"]
[Date "1996.12.19"]
[Round "5"]
[White "Cazzaniga, Walter"]
[Black "Duarte, Riccardo"]
[Result "1-0"]
[WhiteElo "2235"]
[BlackElo "2005"]
[PlyCount "49"]
[EventDate "1996.12.15"]

1.d4 d5 2.c4 e6 3.Nc3 c6 4.Nf3 dxc4 5.a4 Bb4 6.g3 Nf6 7.Bg2 Nd5 8.Qc2 b5 
9.O-O f6 10.axb5 Bxc3 11.bxc3 cxb5 12.e4 Ne7 13.e5 Bb7 14.exf6 gxf6 15.Re1
Qd7 16.Bh6 Kf7 17.Qe2 Na6 18.Rxa6 Bxa6 19.Bh3 Nf5 20.Nh4 Rhg8 21.Qh5+ Rg6 
22.Nxf5 Qd5 23.Bg2 Qxf5 24.Qxf5 exf5 25.Bd5# 1-0

[Event "XVII Memorial Edoardo Crespi A"]
[Site "Milano ITA"]
[Date "1996.12.19"]
[Round "5"]
[White "Facchetti, Gianni"]
[Black "Vujovic, Milorad"]
[Result "1-0"]
[WhiteElo "2170"]
[BlackElo "2310"]
[PlyCount "67"]
[EventDate "1996.12.15"]

1.e4 c6 2.d3 d5 3.Nd2 g6 4.Be2 Bg7 5.Ngf3 dxe4 6.dxe4 Nf6 7.c3 O-O 8.Qc2 
Na6 9.Nf1 Nc5 10.Ng3 a5 11.O-O a4 12.Be3 Qa5 13.h3 b6 14.Rfd1 Be6 15.c4 
Bc8 16.Rd2 Nb3 17.axb3 axb3 18.Rxa5 bxc2 19.Rxa8 c1=Q+ 20.Kh2 Qb1 21.e5 
Nh5 22.Bd3 Qc1 23.Nxh5 gxh5 24.Bc2 Qf1 25.b3 f6 26.Rd1 Qe2 27.Nd4 Qxd1 28.
Bxd1 fxe5 29.Nxc6 Bb7 30.Nxe7+ Kf7 31.Rxf8+ Bxf8 32.Nd5 b5 33.Bxh5+ Ke6 
34.Nc7+ 1-0

[Event "XVII Memorial Edoardo Crespi A"]
[Site "Milano ITA"]
[Date "1996.12.19"]
[Round "5"]
[White "Hitzgerova, Gabriela"]
[Black "Dorighet, Claudio"]
[Result "0-1"]
[WhiteElo "2125"]
[BlackElo "1897"]
[PlyCount "70"]
[EventDate "1996.12.15"]

1.e4 c5 2.Nf3 d6 3.d4 cxd4 4.Nxd4 Nf6 5.Nc3 g6 6.Be2 Nc6 7.O-O Bg7 8.Nb3 
O-O 9.Bg5 Be6 10.f4 Rc8 11.Kh1 a6 12.Bf3 b5 13.Nd5 Bxd5 14.exd5 Na5 15.Nd4
Re8 16.c3 Qb6 17.a3 Nb7 18.Qe2 Nd8 19.f5 Nb7 20.fxg6 hxg6 21.Nc6 Qc7 22.
Rae1 Na5 23.Bg4 Nxg4 24.Qxg4 Nxc6 25.dxc6 e6 26.Rf3 Qxc6 27.Qh4 Qc4 28.Re4
Qd5 29.Rh3 f5 30.Re1 Kf7 31.Rg3 Rh8 32.Qb4 Be5 33.Bf4 Rc4 34.Qa5 Bxf4 35.
Qxa6 Bxg3 0-1

[Event "XVII Memorial Edoardo Crespi A"]
[Site "Milano ITA"]
[Date "1996.12.19"]
[Round "5"]
[White "Marcoli, Paolo"]
[Black "Rossi, Giampiero"]
[Result "1-0"]
[WhiteElo "2150"]
[BlackElo "2105"]
[PlyCount "47"]
[EventDate "1996.12.15"]

1.e4 c5 2.Nf3 e6 3.d4 cxd4 4.Nxd4 g6 5.f4 b5 6.Bd3 Bb7 7.O-O Bc5 8.c3 Qb6 
9.Be3 Nc6 10.Kh1 Nf6 11.a3 a5 12.Bg1 b4 13.axb4 axb4 14.Rxa8+ Bxa8 15.Nd2 
Nxd4 16.Nc4 Qa7 17.cxd4 Be7 18.d5 Bc5 19.Nd6+ Ke7 20.Nb5 Qb6 21.d6+ Kd8 
22.Qc2 Bxe4 23.Bxe4 Nxe4 24.Qxe4 1-0

[Event "XVII Memorial Edoardo Crespi A"]
[Site "Milano ITA"]
[Date "1996.12.19"]
[Round "5"]
[White "Misiano, Franco"]
[Black "Lanzani, Mario"]
[Result "1/2-1/2"]
[WhiteElo "2225"]
[BlackElo "2355"]
[PlyCount "32"]
[EventDate "1996.12.15"]

1.e4 e5 2.Nf3 Nc6 3.Bb5 f5 4.Nc3 fxe4 5.Nxe4 Nf6 6.Qe2 d5 7.Nxf6+ gxf6 8.
d4 Bg7 9.dxe5 O-O 10.Bxc6 bxc6 11.e6 Re8 12.O-O c5 13.Qb5 Bf8 14.Be3 d4 
15.Rfd1 Bd6 16.Bxd4 cxd4 1/2-1/2

[Event "XVII Memorial Edoardo Crespi A"]
[Site "Milano ITA"]
[Date "1996.12.19"]
[Round "5"]
[White "Mrdja, Milan"]
[Black "Vismara, Daniele"]
[Result "1/2-1/2"]
[WhiteElo "2455"]
[BlackElo "2155"]
[PlyCount "91"]
[EventDate "1996.12.15"]

1.e4 c5 2.Nf3 d6 3.d4 cxd4 4.Qxd4 a6 5.Bg5 h6 6.Bh4 Nc6 7.Qd2 g5 8.Bg3 Bg7
9.Nc3 Nf6 10.h3 Qa5 11.Bd3 Be6 12.O-O Nh5 13.Bh2 Ne5 14.Nd4 Nxd3 15.Qxd3 
Nf4 16.Bxf4 gxf4 17.Nf5 Bxc3 18.bxc3 Rc8 19.Rab1 b5 20.Qf3 Bxf5 21.exf5 
Qxc3 22.Qxf4 Rc4 23.Qc1 Qxc2 24.Qa3 Ra4 25.Qf3 Qe4 26.Qc3 O-O 27.Rbe1 Qd4 
28.Qc7 Re8 29.Qc6 Kf8 30.Re2 Qc4 31.Qf3 Qf4 32.Qc3 Qd4 33.Qc1 Qf6 34.Rfe1 
Rc4 35.Qa3 d5 36.Re5 d4 37.g4 Rc3 38.Qb4 Rxh3 39.Qxd4 Qh4 40.Qe4 Ra3 41.
Qf4 Rxa2 42.f6 Ra4 43.Rxe7 Qxg4+ 44.Kf1 Qh3+ 45.Kg1 Qg4+ 46.Kf1 1/2-1/2

[Event "XVII Memorial Edoardo Crespi A"]
[Site "Milano ITA"]
[Date "1996.12.19"]
[Round "5"]
[White "Podini, Francesco"]
[Black "Luppi, Sergio"]
[Result "1/2-1/2"]
[WhiteElo "1884"]
[BlackElo "1985"]
[PlyCount "85"]
[EventDate "1996.12.15"]

1.c4 g6 2.Nc3 Bg7 3.g3 e5 4.Bg2 d6 5.d3 f5 6.e4 Nf6 7.Nge2 O-O 8.O-O a5 9.
h3 fxe4 10.dxe4 Be6 11.b3 Na6 12.Be3 Qd7 13.Kh2 c6 14.Na4 Qe7 15.Nb6 Rad8 
16.Qd2 Qc7 17.Na4 Nd7 18.Rad1 Ndc5 19.Nac3 Kh8 20.f4 exf4 21.gxf4 Bg8 22.
Bd4 b6 23.Qe3 Rfe8 24.Bxg7+ Qxg7 25.Qd4 a4 26.Qxg7+ Kxg7 27.Nd4 axb3 28.
axb3 Nb4 29.e5 dxe5 30.Nxc6 Nxc6 31.Bxc6 Rxd1 32.Rxd1 Rc8 33.Bd5 Nxb3 34.
fxe5 Na5 35.e6 Kf6 36.Rf1+ Ke7 37.Rf4 Nb3 38.Ne2 Nc5 39.Nd4 Kd6 40.Rf1 Nd3
41.Rb1 Nf4 42.Rb5 Re8 43.Kg3 1/2-1/2

[Event "XVII Memorial Edoardo Crespi A"]
[Site "Milano ITA"]
[Date "1996.12.19"]
[Round "5"]
[White "Valenti, Giuseppe"]
[Black "Nurkic, Sahbaz"]
[Result "0-1"]
[WhiteElo "2215"]
[BlackElo "2405"]
[PlyCount "72"]
[EventDate "1996.12.15"]

1.e4 g6 2.d4 Bg7 3.Nf3 c6 4.Nc3 Nf6 5.e5 Nd5 6.Nxd5 cxd5 7.Bd3 d6 8.h3 
dxe5 9.Nxe5 O-O 10.O-O Nc6 11.Nxc6 bxc6 12.c3 Qd6 13.f4 c5 14.Be3 cxd4 15.
cxd4 Qb6 16.Qa4 Rd8 17.Bb5 Rb8 18.Bc6 Bf5 19.Rac1 Be4 20.Rf2 e6 21.Rc3 a6 
22.Qd1 Rdc8 23.Ba4 Rxc3 24.bxc3 Qa5 25.Bb3 Qxc3 26.Qd2 Qxd2 27.Rxd2 Rb4 
28.Kf2 a5 29.Bd1 h5 30.Bf3 Bb1 31.Bd1 h4 32.Kf3 Be4+ 33.Kf2 Bf6 34.Bf3 Bb1
35.Bd1 a4 36.Bf3 a3 0-1

[Event "XVII Memorial Edoardo Crespi A"]
[Site "Milano ITA"]
[Date "1996.12.19"]
[Round "5"]
[White "Wohl, Aleksandar H."]
[Black "Qendro, Llambi"]
[Result "1-0"]
[WhiteElo "2400"]
[BlackElo "2325"]
[PlyCount "101"]
[EventDate "1996.12.15"]

1.e4 g6 2.d4 Bg7 3.Nc3 c6 4.Nf3 d5 5.h3 Nf6 6.e5 Ne4 7.Bd3 Nxc3 8.bxc3 c5 
9.O-O c4 10.Be2 Qa5 11.Bd2 O-O 12.Qc1 Nc6 13.a4 f6 14.exf6 exf6 15.Nh2 Bf5
16.Ng4 Be6 17.Re1 Rae8 18.Bf3 Bf7 19.Rd1 h5 20.Ne3 Nd8 21.Qb2 a6 22.Rdb1 
Re7 23.Qb4 Qxb4 24.cxb4 Rd7 25.c3 b6 26.g3 Kh7 27.Re1 Bh6 28.b5 a5 29.Re2 
Re8 30.Rae1 Bxe3 31.Bxe3 Ne6 32.Bc1 Ng7 33.Rxe8 Nxe8 34.Ba3 Kg7 35.Re7 
Rxe7 36.Bxe7 Nc7 37.Bd8 Na8 38.g4 hxg4 39.Bxg4 f5 40.Bf3 Kf8 41.Kg2 Ke8 
42.Bg5 Nc7 43.Kg3 Kd7 44.Bf4 Ne8 45.Be5 g5 46.h4 gxh4+ 47.Kxh4 Nd6 48.Bxd6
Kxd6 49.Kg5 Ke6 50.Bh5 Bg8 51.f4 1-0

[Event "XVII Memorial Edoardo Crespi A"]
[Site "Milano ITA"]
[Date "1996.12.20"]
[Round "6"]
[White "Barberi, Alessandro"]
[Black "Bolico, Exfelicos"]
[Result "0-1"]
[WhiteElo "2220"]
[BlackElo "2220"]
[PlyCount "136"]
[EventDate "1996.12.15"]

1.d4 Nf6 2.c4 c5 3.d5 b5 4.cxb5 a6 5.b6 d6 6.Nc3 g6 7.Nf3 Bg7 8.Nd2 Nbd7 
9.e4 Nxb6 10.a4 a5 11.Bb5+ Bd7 12.O-O O-O 13.Qe2 e6 14.Bxd7 Qxd7 15.Nc4 
Nxc4 16.Qxc4 exd5 17.exd5 Rab8 18.Nb5 Rfe8 19.f3 Re5 20.Rd1 Ne8 21.Bf4 Re7
22.Ra2 Be5 23.Bg5 f6 24.Bd2 Nc7 25.f4 Qg4 26.Rf1 Nxb5 27.h3 Bd4+ 28.Qxd4 
Qxg2+ 29.Kxg2 Nxd4 30.Bxa5 Nf5 31.Bd2 Re4 32.a5 Rd4 33.Bc3 Ne3+ 34.Kg1 
Rxd5 35.Re1 Rd1 36.Rxd1 Nxd1 37.Bxf6 Kf7 38.Bc3 Ke6 39.a6 Nxc3 40.bxc3 Kd5
41.a7 Ra8 42.Ra4 Kc6 43.Kf2 Kb6 44.Kf3 d5 45.f5 gxf5 46.Rf4 Rxa7 47.Rxf5 
Kc6 48.Ke3 Re7+ 49.Kd2 Re6 50.Rh5 h6 51.Rf5 c4 52.h4 Kd6 53.Rf8 Re4 54.
Rf6+ Re6 55.Rf8 Rg6 56.Rf3 Ke5 57.Rf8 Rf6 58.Re8+ Kf4 59.Rg8 Rf5 60.Rg1 
Rh5 61.Rf1+ Kg3 62.Ke3 Rxh4 63.Rf5 Re4+ 64.Kd2 Kg4 65.Rxd5 h5 66.Rd8 h4 
67.Rg8+ Kf3 68.Rh8 Kg3 0-1

[Event "XVII Memorial Edoardo Crespi A"]
[Site "Milano ITA"]
[Date "1996.12.20"]
[Round "6"]
[White "Bemporad, Filippo"]
[Black "Bevilacqua, Maurizio"]
[Result "1-0"]
[WhiteElo "1900"]
[BlackElo "2065"]
[PlyCount "83"]
[EventDate "1996.12.15"]

1.d4 Nf6 2.Nf3 e6 3.g3 b6 4.Bg2 Bb7 5.c4 c5 6.e3 Be7 7.O-O O-O 8.b3 Qc7 9.
Bb2 d6 10.Nc3 a6 11.Rc1 Nbd7 12.Qc2 Rfd8 13.e4 cxd4 14.Nxd4 Rac8 15.Qe2 
Qb8 16.Rfd1 Qa8 17.Nc2 Nc5 18.a3 Bc6 19.Nb4 Be8 20.f4 e5 21.Ncd5 Qa7 22.
fxe5 dxe5 23.Bxe5 Nxd5 24.Nxd5 f6 25.Bd4 Bf7 26.e5 fxe5 27.Qxe5 Bf8 28.Kh1
Re8 29.Nf6+ Kh8 30.Nxe8 Rxe8 31.Qf5 Bg6 32.Qf1 Be7 33.Bd5 Rf8 34.Qe2 Bg5 
35.Rf1 Rd8 36.Ra1 h6 37.Bxc5 bxc5 38.Rf2 Qb6 39.Raf1 Kh7 40.Rf8 Rxd5 41.
cxd5 Qb5 42.h4 1-0

[Event "XVII Memorial Edoardo Crespi A"]
[Site "Milano ITA"]
[Date "1996.12.20"]
[Round "6"]
[White "Caruso, Daniele"]
[Black "Misiano, Franco"]
[Result "1/2-1/2"]
[WhiteElo "2155"]
[BlackElo "2225"]
[PlyCount "64"]
[EventDate "1996.12.15"]

1.e4 e6 2.d4 d5 3.e5 c5 4.c3 Nc6 5.Nf3 Qb6 6.a3 c4 7.g3 f6 8.exf6 Nxf6 9.
Bh3 Bd6 10.O-O O-O 11.Re1 e5 12.Bxc8 Raxc8 13.dxe5 Ng4 14.Qxd5+ Kh8 15.Re2
Ncxe5 16.Nbd2 Nf6 17.Qd4 Bc5 18.Qh4 Bxf2+ 19.Kg2 Ng6 20.Qh3 Bc5 21.Re6 Rc6
22.Ng5 Rxe6 23.Qxe6 Qc7 24.Nde4 Nxe4 25.Nxe4 Bb6 26.h4 Qe5 27.Qxc4 Qf5 28.
Bg5 Qf3+ 29.Kh2 Ne5 30.Qb4 Qe2+ 31.Kh3 Qg4+ 32.Kg2 Qe2+ 1/2-1/2

[Event "XVII Memorial Edoardo Crespi A"]
[Site "Milano ITA"]
[Date "1996.12.20"]
[Round "6"]
[White "Di Fonzo, Valerio"]
[Black "Valenti, Giuseppe"]
[Result "1-0"]
[WhiteElo "2225"]
[BlackElo "2215"]
[PlyCount "99"]
[EventDate "1996.12.15"]

1.e4 c5 2.Nf3 e6 3.d4 cxd4 4.Nxd4 Nf6 5.Nc3 d6 6.Be2 a6 7.O-O Nbd7 8.f4 
Qc7 9.Bf3 Rb8 10.a4 h5 11.Kh1 g6 12.Be3 Bg7 13.Qd2 O-O 14.Nde2 Nb6 15.b3 
Re8 16.Rad1 Bf8 17.e5 dxe5 18.fxe5 Nh7 19.Ne4 Bg7 20.Nd6 Re7 21.Bd4 Bd7 
22.c4 Bc6 23.Qe3 Nd7 24.c5 Bd5 25.Nf4 Qc6 26.Bxd5 exd5 27.Nd3 a5 28.Qf2 
Rf8 29.Qh4 Re6 30.Rde1 Bh6 31.h3 Bg5 32.Qf2 Re7 33.Qg3 Re6 34.Rf3 Bh6 35.
Ref1 Ng5 36.Be3 Ne4 37.Qe1 Bg7 38.Nf4 Nxe5 39.Nxe6 Nxf3 40.gxf3 Bc3 41.Qh4
fxe6 42.Rg1 Nxd6 43.cxd6 Bg7 44.Rxg6 Qxd6 45.Bd4 Rf7 46.Qxh5 Qf4 47.Be5 
Qc1+ 48.Rg1 Qe3 49.f4 Qe4+ 50.Kh2 1-0

[Event "XVII Memorial Edoardo Crespi A"]
[Site "Milano ITA"]
[Date "1996.12.20"]
[Round "6"]
[White "Dorighet, Claudio"]
[Black "Mrdja, Milan"]
[Result "1/2-1/2"]
[WhiteElo "1897"]
[BlackElo "2455"]
[PlyCount "145"]
[EventDate "1996.12.15"]

1.c4 Nf6 2.Nc3 g6 3.g3 Bg7 4.Bg2 O-O 5.e3 d6 6.Nge2 e5 7.O-O Nc6 8.d4 Re8 
9.b3 Bd7 10.Bb2 Qc8 11.Qd2 Bh3 12.Rae1 e4 13.Nf4 Bxg2 14.Kxg2 Qd7 15.Ncd5 
Nxd5 16.Nxd5 Ne7 17.Nxe7+ Rxe7 18.d5 Bxb2 19.Qxb2 Rae8 20.Rh1 Re5 21.a4 
Rh5 22.h4 Rf5 23.Qd4 a5 24.Qd2 b6 25.Qe2 Ree5 26.Rc1 Rf3 27.Rcd1 Qg4 28.
Rd2 h6 29.Qd1 Qd7 30.Rd4 Qe7 31.Qe2 Ref5 32.Rf1 Re5 33.Rh1 Kg7 34.Rf1 f6 
35.Rh1 Qd7 36.Rd2 g5 37.Qd1 Ref5 38.Rh2 Qe8 39.Re2 Qh5 40.Qe1 Qg4 41.Rh3 
Re5 42.Rd2 Qf5 43.Qd1 Qg6 44.Qh1 Re8 45.Rh2 Rf5 46.Qd1 Rf3 47.Qh1 Rf8 48.
Rh3 Rf5 49.Qd1 Re5 50.Rc2 Rh8 51.Qh1 Ree8 52.Rh2 f5 53.hxg5 hxg5 54.Qa1+ 
Qf6 55.Qxf6+ Kxf6 56.Rxh8 Rxh8 57.Rc1 Ke7 58.Rd1 Kd7 59.Rd4 Re8 60.Kf1 Ke7
61.Rd1 Rh8 62.Kg2 Kd7 63.Rd4 Re8 64.Kf1 Re5 65.Ke2 c6 66.Ke1 Kc7 67.dxc6 
Kxc6 68.Kd2 d5 69.Rxd5 Rxd5+ 70.cxd5+ Kxd5 71.Kc3 Kc5 72.Kc2 Kb4 73.Kb2 
1/2-1/2

[Event "XVII Memorial Edoardo Crespi A"]
[Site "Milano ITA"]
[Date "1996.12.20"]
[Round "6"]
[White "Giretti Kanev, Jasen"]
[Black "Hitzgerova, Gabriela"]
[Result "1/2-1/2"]
[WhiteElo "2033"]
[BlackElo "2125"]
[PlyCount "174"]
[EventDate "1996.12.15"]

1.Nf3 Nf6 2.c4 g6 3.Nc3 Bg7 4.g3 O-O 5.Bg2 d6 6.d4 c6 7.O-O Qa5 8.Bg5 Bg4 
9.Qc2 Qc7 10.h3 Bxf3 11.Bxf3 Nbd7 12.b3 Rfe8 13.e4 e5 14.d5 c5 15.a4 a6 
16.Kg2 Kh8 17.g4 Ng8 18.h4 Bf6 19.Rh1 Qd8 20.Rh2 Nf8 21.Rah1 Kg7 22.Be3 
Qd7 23.h5 Bd8 24.hxg6 fxg6 25.Ne2 Re7 26.Ng3 Rf7 27.Bh6+ Nxh6 28.Rxh6 Kg8 
29.R6h3 Be7 30.Nf1 Qd8 31.Ne3 Bg5 32.Qe2 Qf6 33.Kf1 Bxe3 34.Qxe3 g5 35.Be2
Ng6 36.Rh6 Qe7 37.b4 b6 38.a5 bxa5 39.bxc5 dxc5 40.R1h5 Raf8 41.Qxg5 Rxf2+
42.Ke1 Qxg5 43.Rxg5 Rg2 44.Rf5 Rb8 45.Kf1 Rg3 46.Bf3 Rb1+ 47.Kf2 Rgg1 48.
d6 Rgc1 49.Rxg6+ hxg6 50.Rxe5 Rb2+ 51.Ke3 Rc3+ 52.Kf4 Rf2 53.Re8+ Kf7 54.
d7 Rfxf3+ 55.Ke5 Rfd3 56.d8=Q Rxd8 57.Rxd8 Rxc4 58.Ra8 Rb4 59.Ra7+ Ke8 60.
Rxa6 a4 61.Rxg6 a3 62.Ra6 Rb3 63.Ke6 Kf8 64.Ra8+ Kg7 65.Ra4 Rb4 66.Ra7+ 
Kg6 67.e5 Rxg4 68.Rxa3 c4 69.Rf3 Rg1 70.Ke7 Ra1 71.Rf6+ Kg7 72.Rc6 Rc1 73.
e6 c3 74.Ke8 c2 75.e7 Kg8 76.Rg6+ Kh7 77.Rg2 Kh6 78.Rd2 Kg7 79.Rf2 Kg8 80.
Rg2+ Kh7 81.Rd2 Kg7 82.Rg2+ Kh7 83.Rf2 Kg7 84.Rf7+ Kg8 85.Rf2 Kg7 86.Rd2 
Kh7 87.Rg2 Kh6 1/2-1/2

[Event "XVII Memorial Edoardo Crespi A"]
[Site "Milano ITA"]
[Date "1996.12.20"]
[Round "6"]
[White "Lanzani, Mario"]
[Black "Wohl, Aleksandar H."]
[Result "0-1"]
[WhiteElo "2355"]
[BlackElo "2400"]
[PlyCount "80"]
[EventDate "1996.12.15"]

1.e4 d5 2.exd5 Nf6 3.c4 e6 4.dxe6 Bxe6 5.d4 Bb4+ 6.Bd2 Qe7 7.Be2 O-O 8.d5 
Bg4 9.Bxb4 Qxb4+ 10.Qd2 Qc5 11.f3 Bf5 12.Nc3 c6 13.g4 Bg6 14.h4 h5 15.g5 
Nfd7 16.O-O-O Nb6 17.Qd4 Qa5 18.Bd3 Bxd3 19.Rxd3 Na6 20.Kb1 Nc5 21.Rd1 Qb4
22.a3 Qb3 23.Rh2 Rfd8 24.Ne4 Nxe4 25.fxe4 Nxc4 26.Ka1 cxd5 27.exd5 Ne3 28.
Rc1 Rac8 29.Re1 Nc2+ 30.Rxc2 Rxc2 31.g6 Qc4 32.gxf7+ Kxf7 33.Nf3 Qxd4 34.
Nxd4 Rd2 35.Ne6 R8xd5 36.Ng5+ Kg6 37.Re7 Rd1+ 38.Ka2 Rd7 39.Re6+ Kf5 40.
Re4 R1d4 0-1

[Event "XVII Memorial Edoardo Crespi A"]
[Site "Milano ITA"]
[Date "1996.12.20"]
[Round "6"]
[White "Luppi, Sergio"]
[Black "Duarte, Riccardo"]
[Result "1-0"]
[WhiteElo "1985"]
[BlackElo "2005"]
[PlyCount "119"]
[EventDate "1996.12.15"]

1.Nf3 d5 2.g3 Nf6 3.Bg2 c5 4.O-O Nc6 5.c4 d4 6.d3 e5 7.b4 cxb4 8.a3 Bd6 9.
axb4 Nxb4 10.Ba3 Qe7 11.Nxe5 O-O 12.Nf3 Nc6 13.Bxd6 Qxd6 14.Nbd2 Bg4 15.h3
Bf5 16.Nb3 Rfd8 17.Qd2 Qd7 18.Kh2 Qd6 19.Na5 Nxa5 20.Rxa5 g6 21.Rfa1 a6 
22.Qg5 Bc8 23.c5 Qe7 24.c6 bxc6 25.Ne5 Nd5 26.Qxe7 Nxe7 27.Nxc6 Nxc6 28.
Bxc6 Rb8 29.Kg2 Rb2 30.Bf3 Rd6 31.g4 Kg7 32.g5 h6 33.h4 hxg5 34.hxg5 Rdb6 
35.R1a4 Rd6 36.Kg3 Rbb6 37.Be4 Bd7 38.Rc4 Rb2 39.Kf3 Bb5 40.Rc5 Rb4 41.Kf4
Rb2 42.Bf3 Rb4 43.Rc7 Rb1 44.Be4 Rf1 45.Kf3 Rg1 46.Kf4 Rf1 47.f3 Re1 48.
Ra2 Rd8 49.Rac2 Ra1 50.Ra7 Be8 51.Rc5 Ra2 52.e3 dxe3 53.Kxe3 Ra3 54.Kf4 
Bb5 55.Rxb5 Raxd3 56.Bxd3 axb5 57.Bxb5 Kf8 58.Bc6 Rd6 59.Be4 Rd8 60.Ra8 
1-0

[Event "XVII Memorial Edoardo Crespi A"]
[Site "Milano ITA"]
[Date "1996.12.20"]
[Round "6"]
[White "Murgia, Andrea"]
[Black "Marcoli, Paolo"]
[Result "0-1"]
[WhiteElo "2175"]
[BlackElo "2150"]
[PlyCount "50"]
[EventDate "1996.12.15"]

1.e4 c5 2.c3 e6 3.d4 d5 4.e5 Nc6 5.Nf3 Qb6 6.a3 c4 7.Nbd2 Na5 8.Rb1 Bd7 9.
g3 f6 10.Nh4 O-O-O 11.exf6 gxf6 12.f4 e5 13.fxe5 fxe5 14.dxe5 Nh6 15.Ndf3 
Ng4 16.Qe2 Bc5 17.Bg2 Nb3 18.Bf4 Rhf8 19.Rf1 Rde8 20.Rd1 Be3 21.Rxd5 Bxf4 
22.Rxd7 Nxe5 23.Nxe5 Rxe5 24.Be4 Kxd7 25.Qg4+ Qe6 0-1

[Event "XVII Memorial Edoardo Crespi A"]
[Site "Milano ITA"]
[Date "1996.12.20"]
[Round "6"]
[White "Qendro, Llambi"]
[Black "Facchetti, Gianni"]
[Result "1-0"]
[WhiteElo "2325"]
[BlackElo "2170"]
[PlyCount "91"]
[EventDate "1996.12.15"]

1.d4 Nf6 2.Nf3 d6 3.c4 Nbd7 4.Nc3 e5 5.e4 Be7 6.Be2 c6 7.O-O Qc7 8.Re1 Nf8
9.c5 Ng6 10.cxd6 Bxd6 11.Bg5 h6 12.Bxf6 gxf6 13.d5 c5 14.Nb5 Qe7 15.Nd2 
Bb8 16.Bg4 Bxg4 17.Qxg4 Qd7 18.Qxd7+ Kxd7 19.Nc4 Bc7 20.Rac1 Nf4 21.Re3 
Rhg8 22.g3 Bb8 23.Kf1 Nh3 24.Kg2 Nf4+ 25.Kf3 Nh3 26.a4 f5 27.Rb3 Rc8 28.
Nc3 b6 29.Kg2 Ng5 30.h4 Nh7 31.a5 bxa5 32.Na4 Bd6 33.Rb7+ Rc7 34.Nxd6 Kxd6
35.Rxc7 Kxc7 36.Rxc5+ Kb7 37.Rxa5 Rd8 38.Nc5+ Ka8 39.Rb5 Rb8 40.Rxb8+ Kxb8
41.Kf3 Kc7 42.g4 Kd6 43.Nb7+ Kc7 44.Na5 Kd6 45.b4 a6 46.g5 1-0

[Event "XVII Memorial Edoardo Crespi A"]
[Site "Milano ITA"]
[Date "1996.12.20"]
[Round "6"]
[White "Rossi, Giampiero"]
[Black "Podini, Francesco"]
[Result "1-0"]
[WhiteElo "2105"]
[BlackElo "1884"]
[PlyCount "79"]
[EventDate "1996.12.15"]

1.d4 Nf6 2.c4 c5 3.dxc5 e6 4.Nc3 Bxc5 5.Nf3 Nc6 6.a3 d5 7.e3 O-O 8.b4 Bd6 
9.Bb2 Ne5 10.Nb5 Nxf3+ 11.Qxf3 Be7 12.cxd5 exd5 13.Bd3 Bg4 14.Qg3 a6 15.h3
Bh5 16.Nd4 Bd6 17.Qh4 Re8 18.Nf5 Be5 19.Bxe5 Rxe5 20.Qg3 Rxf5 21.Bxf5 Ne4 
22.Bxe4 dxe4 23.O-O Be2 24.Rfc1 Bb5 25.Qc7 Bc6 26.Qxd8+ Rxd8 27.Rd1 Re8 
28.Rd4 Kf8 29.Rc1 Re5 30.Rc5 Re6 31.Kf1 g6 32.Ke1 f5 33.g3 Re7 34.h4 Bb5 
35.Kd2 Kg7 36.Kc3 Bd3 37.a4 Kh6 38.b5 axb5 39.axb5 Kh5 40.b6 1-0

[Event "XVII Memorial Edoardo Crespi A"]
[Site "Milano ITA"]
[Date "1996.12.20"]
[Round "6"]
[White "Vujovic, Milorad"]
[Black "Cazzaniga, Walter"]
[Result "1-0"]
[WhiteElo "2310"]
[BlackElo "2235"]
[PlyCount "110"]
[EventDate "1996.12.15"]

1.e4 e6 2.d3 c5 3.g3 Nc6 4.Bg2 g6 5.f4 Bg7 6.Nf3 Nge7 7.c3 d5 8.e5 Nf5 9.
g4 Nh4 10.O-O Nxg2 11.Kxg2 f6 12.d4 O-O 13.Be3 b6 14.Nbd2 Qe7 15.h4 Ba6 
16.Rf2 cxd4 17.cxd4 Nb4 18.Qa4 Rac8 19.Rh1 Bd3 20.Qa3 a5 21.Kg3 Qb7 22.Ne1
Be4 23.Ndf3 fxe5 24.fxe5 Rf7 25.Rhf1 Bf8 26.Qb3 Qa6 27.a3 Nc2 28.Nxc2 a4 
29.Qa2 Rxc2 30.Ne1 Rfxf2 31.Rxf2 Re2 32.Rxe2 Qxe2 33.Bf2 h5 34.g5 Qg4+ 35.
Kh2 Qf4+ 36.Kg1 Qf5 37.Kf1 Bd3+ 38.Nxd3 Qxd3+ 39.Ke1 b5 40.Qa1 b4 41.Qd1 
Qe4+ 42.Kd2 Qf4+ 43.Ke1 b3 44.Qd2 Qe4+ 45.Kd1 Be7 46.Qc3 Kf7 47.Kd2 Bd8 
48.Qc5 Qb1 49.Qc3 Qf1 50.Ke3 Qb5 51.Qd3 Qc6 52.Kd2 Ba5+ 53.Kd1 Ke8 54.
Qxg6+ Kd8 55.Qf6+ Kc7 1-0

[Event "XVII Memorial Edoardo Crespi A"]
[Site "Milano ITA"]
[Date "1996.12.21"]
[Round "7"]
[White "Bolico, Exfelicos"]
[Black "Lanzani, Mario"]
[Result "0-1"]
[WhiteElo "2220"]
[BlackElo "2355"]
[PlyCount "108"]
[EventDate "1996.12.15"]

1.d4 d5 2.c4 c6 3.g3 Nf6 4.Bg2 Bf5 5.Nf3 e6 6.O-O h6 7.Nc3 Nbd7 8.Nd2 Be7 
9.e4 dxe4 10.Ncxe4 Nxe4 11.Bxe4 Bxe4 12.Nxe4 Nf6 13.Re1 O-O 14.Bf4 Nxe4 
15.Rxe4 Bf6 16.Qb3 Qb6 17.Qc3 Rfd8 18.c5 Qa6 19.Bd6 Rd7 20.f4 Be7 21.Bxe7 
Rxe7 22.f5 Rae8 23.Qe3 f6 24.fxe6 Qc4 25.b3 Qd5 26.Re1 a5 27.a3 Kh8 28.Qc3
Rxe6 29.Rxe6 Rxe6 30.Rxe6 Qxe6 31.Kf2 Qf5+ 32.Kg2 Qe4+ 33.Kf2 Kh7 34.a4 
Kg6 35.h4 Kf5 36.b4 axb4 37.Qxb4 Kg4 38.Qc3 Qf5+ 39.Ke2 Qe6+ 40.Kd2 f5 41.
Qd3 Qa2+ 42.Ke1 Qxa4 43.Qe2+ Kxg3 44.Qe5+ f4 45.Qxg7+ Kf3 46.Kd2 Qb4+ 47.
Kc2 Qc4+ 48.Kd2 Kf2 49.Qf6 f3 50.h5 Qe2+ 51.Kc3 Qe3+ 52.Kc2 Ke2 53.Qh4 
Qd3+ 54.Kb2 f2 0-1

[Event "XVII Memorial Edoardo Crespi A"]
[Site "Milano ITA"]
[Date "1996.12.21"]
[Round "7"]
[White "Cazzaniga, Walter"]
[Black "Podini, Francesco"]
[Result "1-0"]
[WhiteElo "2235"]
[BlackElo "1884"]
[PlyCount "57"]
[EventDate "1996.12.15"]

1.d4 Nf6 2.c4 c5 3.d5 b5 4.cxb5 a6 5.b6 e6 6.Nc3 Nxd5 7.Nxd5 exd5 8.Qxd5 
Nc6 9.e4 Be7 10.Bc4 O-O 11.Nf3 Rb8 12.Bd2 Rxb6 13.Bc3 d6 14.Qd3 Bf6 15.Rd1
Bxc3+ 16.bxc3 Qf6 17.O-O Na5 18.Bd5 Bd7 19.Nd2 Rfb8 20.f4 c4 21.Qe3 Be6 
22.e5 Qg6 23.Be4 Bf5 24.Bxf5 Qxf5 25.Ne4 Rb2 26.Rxd6 Rxa2 27.Qb6 Rf8 28.
Rd8 g6 29.Nf6+ 1-0

[Event "XVII Memorial Edoardo Crespi A"]
[Site "Milano ITA"]
[Date "1996.12.21"]
[Round "7"]
[White "Duarte, Riccardo"]
[Black "Barberi, Alessandro"]
[Result "1-0"]
[WhiteElo "2005"]
[BlackElo "2220"]
[PlyCount "91"]
[EventDate "1996.12.15"]

1.e4 c5 2.f4 Nc6 3.Nf3 d6 4.Bc4 e6 5.c3 d5 6.exd5 exd5 7.Bb5 Bd6 8.d4 Ne7 
9.O-O O-O 10.Ne5 f6 11.Nf3 Qc7 12.dxc5 Bxc5+ 13.Kh1 Bg4 14.h3 Bf5 15.Bd3 
Be4 16.Qe2 Nf5 17.Kh2 Rfe8 18.Qc2 Bd6 19.Ng1 g5 20.Ne2 Qg7 21.Bxe4 Rxe4 
22.Qd3 Rxe2 23.Qxe2 gxf4 24.Qf3 Qg3+ 25.Kh1 Qxf3 26.Rxf3 Ng3+ 27.Kh2 Ne2 
28.Bd2 Ne5 29.Rf2 Nd3 30.Rf3 Nxb2 31.Be1 Rc8 32.Nd2 Nxc3 33.Rc1 Be5 34.Nb1
d4 35.Nxc3 dxc3 36.Bxc3 Nc4 37.Bd2 b5 38.Bxf4 Bb2 39.Rc2 Rc6 40.Kg3 Ra6 
41.Rb3 Rxa2 42.Rxb5 Ra3+ 43.Kh2 Ra4 44.g3 Be5 45.Bxe5 Nxe5 46.Rb7 1-0

[Event "XVII Memorial Edoardo Crespi A"]
[Site "Milano ITA"]
[Date "1996.12.21"]
[Round "7"]
[White "Facchetti, Gianni"]
[Black "Giretti Kanev, Jasen"]
[Result "0-1"]
[WhiteElo "2170"]
[BlackElo "2033"]
[PlyCount "82"]
[EventDate "1996.12.15"]

1.e4 g6 2.d3 Bg7 3.Be2 c5 4.Nd2 Nc6 5.Ngf3 d5 6.c3 d4 7.c4 e5 8.h4 Nf6 9.
Nf1 Nh5 10.g3 O-O 11.N3h2 f5 12.Bxh5 gxh5 13.Bg5 Qe8 14.f3 f4 15.gxf4 exf4
16.Qd2 Qf7 17.Rg1 Kh8 18.Qg2 Ne5 19.Ke2 Rg8 20.Ng3 fxg3 21.Qxg3 b5 22.b3 
bxc4 23.bxc4 Rb8 24.Rad1 Be6 25.f4 Rb2+ 26.Ke1 Rxh2 27.fxe5 Rh3 28.Qf4 
Qxf4 29.Bxf4 Rxh4 30.Bg5 Rg4 31.Rxg4 Bxg4 32.Rb1 Bxe5 33.Be7 Rg7 34.Bh4 
Bh3 35.Kf2 Rg2+ 36.Kf3 Rxa2 37.Bf2 Bg4+ 38.Kg2 h4 39.Kg1 h3 40.Rf1 Bf3 41.
Bg3 h2+ 0-1

[Event "XVII Memorial Edoardo Crespi A"]
[Site "Milano ITA"]
[Date "1996.12.21"]
[Round "7"]
[White "Hitzgerova, Gabriela"]
[Black "Luppi, Sergio"]
[Result "1/2-1/2"]
[WhiteElo "2125"]
[BlackElo "1985"]
[PlyCount "58"]
[EventDate "1996.12.15"]

1.e4 g6 2.d4 d6 3.Nf3 Bg7 4.Be2 Nf6 5.Nc3 c6 6.O-O O-O 7.a4 Nbd7 8.h3 e5 
9.Be3 Qe7 10.Nd2 exd4 11.Bxd4 Nc5 12.Bf3 Ne6 13.Be3 Ne8 14.Ra3 Qf6 15.Nc4 
Nd4 16.Be2 Bd7 17.a5 Nc7 18.Bxd4 Qxd4 19.Nxd6 b5 20.axb6 axb6 21.Rxa8 Rxa8
22.Nc4 Be6 23.Ne3 b5 24.Qxd4 Bxd4 25.Ncd1 Ra2 26.b3 Bxb3 27.Bxb5 Nxb5 28.
cxb3 Ra3 29.Nc2 Rxb3 1/2-1/2

[Event "XVII Memorial Edoardo Crespi A"]
[Site "Milano ITA"]
[Date "1996.12.21"]
[Round "7"]
[White "Marcoli, Paolo"]
[Black "Caruso, Daniele"]
[Result "1-0"]
[WhiteElo "2150"]
[BlackElo "2155"]
[PlyCount "37"]
[EventDate "1996.12.15"]

1.e4 e6 2.Nc3 d5 3.Nf3 Nf6 4.e5 Nfd7 5.d4 c5 6.dxc5 Nc6 7.Bf4 Nxc5 8.Bd3 
Be7 9.O-O a6 10.Re1 g5 11.Be3 g4 12.Nd4 Nxe5 13.Bf1 h5 14.Nf5 exf5 15.Bxc5
Bxc5 16.Rxe5+ Be6 17.Qxd5 Qb6 18.Qxc5 Qxb2 19.Rb1 1-0